| 000 | 00671nam a2200217 a 4500 | ||
|---|---|---|---|
| 999 |
_c2209 _d2209 |
||
| 001 | 2209 | ||
| 003 | BD-JhCC | ||
| 005 | 20171030210455.0 | ||
| 008 | 171030s1974 bg |||| ||a| 000 0 ben d | ||
| 035 | _a(BD-JhCC)2209 | ||
| 040 |
_aBD-JhCC _dBD-JhCC |
||
| 041 | _aben | ||
| 082 |
_a891.4409 _bCHO 1974 |
||
| 100 | _aচৌধুরী, সিরাজুল ইসলাম | ||
| 245 |
_aদ্বিতীয় ভুবন / _cসিরাজুল ইসলাম চৌধুরী |
||
| 260 |
_aঢাকা : _bবাংলা একাডেমী, _c1974. |
||
| 300 |
_a228 p. : _c21 cm. |
||
| 650 | _aBengali Literature | ||
| 942 |
_2ddc _cBK |
||